Normal view
MARC view
- Rubalcaba, Jill
Entry Nombre Personal
001 - NUMERO DE CONTROL
- campo de control: 54020
003 - IDENTIFICADOR DE NUMERO DE CONTROL
- campo de control: DLC
005 - FECHA Y HORA DE LA ÜLTIMA TRANSACCIÓN
- campo de control: 20241010135803.0
008 - DATOS DE LONGITUD FIJA
- campo de control de longitud fija: 241010|| aca||aabn | aaa d
010 ## - NÚMERO DE CONTROL DE LA BIBLIOTECA DEL CONGRESO
- Número de control LC: n 93087984
035 ## - NUMERO DE CONTROL
- Número de control: (OCoLC)oca03452234
040 ## - FUENTE DE CATALOGACIÓN
- Agencia original de catalogación: DLC
- Lenguaje de catalogación: spa
- Agencia de transcripción: DLC
- Agencia que lo modifica: UPB
- Agencia que lo modifica: MX-MxUPN
046 ## - FECHAS CON CODIFICACIÓN ESPECIAL
- Fecha de nacimiento: 19530709
100 1# - ENCABEZAMIENTO - NOMBRE PERSONAL
- Nombre personal: Rubalcaba, Jill
370 ## - LUGAR ASOCIADO
- Fuente del término: naf
- Place of birth: Boston, Mass.
371 ## - DIRECCIÓN
- Electronic mail address: jillrubalcaba@hotmail.com
372 ## - CAMPO DE ACTIVIDAD
- Field of activity: Escritura
373 ## - GRUPO ASOCIADO
- Fuente del término: naf
- Associated group: University of Vermont
374 ## - OCUPACIÓN
- Occupation: Autor
- Occupation: Profesor
670 ## - FUENTE EN LA QUE SE LOCALIZARON DATOS
- Cita de la fuente: Autoridades LC, 10 octubre 2024 :
- Información localizada: (Rubalcaba, Jill)
- Uniform Resource Identifier: https://lccn.loc.gov/n93087984
902 ## - CATALOGADOR
- Catalogador: MaríaRobles/101024
